| 000 | 00469nam a2200133 a 4500 | ||
|---|---|---|---|
| 008 | 120416s1962 ||||||||||||||||| || u | ||
| 050 | _aTK 7888.3 Bur | ||
| 245 | 1 | 0 | _aDigital computer principles |
| 246 | _aBurroughs Corporation | ||
| 260 |
_aNew York _bMcGraw-Hill _c1962 |
||
| 300 | _aix,507p. : ill. | ||
| 350 | _a0.00 | ||
| 995 |
_D0.00 _FCBU-MAIN LIBRARY (Kitwe) _H1 _I8.00 _UDAMAGED _ZMain Library Open Access Collection |
||
| 999 |
_c40155 _d40155 |
||